Kaiju - Statistics

General Stats
  • This quiz has been taken 103 times
  • The average score is 8 of 15
Answer Stats
Hint Answer % Correct
1 Godzilla
99%
7 Mothra
87%
4 King Ghidorah
78%
12 King Kong
78%
15 Rodan
73%
6 MechaGodzilla
68%
2 Gigan
43%
3 Destoroyah
39%
11 SpaceGodzilla
38%
5 Megalon
35%
8 Hedorah
30%
10 Manda
29%
14 Kumonga
26%
9 King Caesar
22%
13 M.O.G.U.E.R.A.
21%
No matching quizzes found
Score Distribution
Percent of People with Each Score
Percentile by Number Answered
Your Score History
You have not taken this quiz